Hegel : the logic of self-consciousness and the legacy of subjective freedom (Record no. 203265)

MARC details
000 -LEADER
fixed length control field 00682nam a2200205Ia 4500
008 - FIXED-LENGTH DATA ELEMENTS--GENERAL INFORMATION
fixed length control field 191130s1999##################000#0#eng##
020 ## - INTERNATIONAL STANDARD BOOK NUMBER
ISBN 9780748610938
082 ## - DEWEY DECIMAL CLASSIFICATION NUMBER
Classification number 193 WAR
100 ## - MAIN ENTRY--AUTHOR NAME
Personal name Ware, Robert Bruce
245 ## - TITLE STATEMENT
Title Hegel : the logic of self-consciousness and the legacy of subjective freedom
Statement of responsibility, etc Robert Bruce Ware
260 ## - PUBLICATION, DISTRIBUTION, ETC. (IMPRINT)
Place of publication Edinburgh
Name of publisher Edinburgh Univeristy Press
Year of publication c1999
300 ## - PHYSICAL DESCRIPTION
Number of Pages 254 p. ; 24 cm
500 ## - GENERAL NOTE
General note Includes bibliographical references (p. 239-245) and index
650 ## - SUBJECT ADDED ENTRY--TOPICAL TERM
Topical Term Hegel, Georg Wilhelm Friedrich, 1770-1831
991 ## -
-- 66707
Holdings
Withdrawn status Lost status Damaged status Not for loan Home library Current library Shelving location Date acquired Full call number Accession Number Price effective from Koha item type
        Anna Centenary Library Anna Centenary Library 3RD FLOOR, A WING 13.10.2020 193 WAR 372866 13.10.2020 English Books

Find us on the map